000 007990000a22002530004500
003 LK-CoMWRAF
005 20231120153550.0
008 230817t2006 ||||| |||| 00| 0 eng d
020 _a955135804X
040 _aLK-CoMWRAF
_dLK-CoMWRAF
_eLK-CoMWRAF
041 _aeng
082 _a303.6
_bNEG
245 _aNegotiating peace in Sri Lanka :
_befforts, failures, and lessons
250 _a2nd ed.
260 _aColombo:
_bFoundation for Co-Existence,
_c2006
300 _axxvii, 404 p. : ill. ; 23 cm.
_bGlossary included
490 _aVolume
_vOne
650 _aEthnic conflict--Sri Lanka
650 _aConflict management--Sri Lanka
650 _aPeace-building--Sri Lanka.
650 _aTamil (Indic people)--Sri Lanka--Ethnic identity
700 _aRupesinghe, Kumar
_eed.
942 _cBK
999 _c1367
_d1367